El niño celoso /

La llegada de un nuevo hermano provoca la aparición de un problema común en la infancia: los celos, que se manifiestan a través de conductas que alteran la convivencia familiar. Los padres, desbordados por el comportamiento del hijo celoso, se ven incapaces de solucionar un problema que afecta, adem...

Full description

Bibliographic Details
Main Author: Ortigosa Quiles, Juan Manuel, 1964-
Format: Libro
Language:Spanish
Published: Madrid, España Pirámide 2000
Series:Colección Ojos Solares, sección Tratamiento
Subjects:
Online Access:

MARC

LEADER 00000cam a2200000 a 4500
001 001961
003 UAHC_CL
005 20170803115807.0
008 050912b2000 sp 000 spa
020 |a 8436813650 
040 |a UAHC_CL  |c UAHC_CL  |d UAHC_CL 
100 1 |a Ortigosa Quiles, Juan Manuel, 1964- 
245 1 3 |a El niño celoso /  |c Juan Manuel Ortigosa Quiles. 
260 |b Pirámide  |c 2000  |a Madrid, España 
300 |a 172 p. 
490 0 |a Colección Ojos Solares, sección Tratamiento 
520 |a La llegada de un nuevo hermano provoca la aparición de un problema común en la infancia: los celos, que se manifiestan a través de conductas que alteran la convivencia familiar. Los padres, desbordados por el comportamiento del hijo celoso, se ven incapaces de solucionar un problema que afecta, además, a diversas áreas de la vida del niño. En esta obra se aborda la cuestión de los celos infantiles de una forma rigurosa, clara y amena. Partiendo de la definición del concepto, establece con precisión las pautas para la intervención preventiva. El libro constituye una magnífica guía para padres, educadores y profesionales que deben enfrentarse a este problema tan frecuente en la infancia, ayudándoles a comprender y evaluar la conducta del niño celoso y, sobre todo, orientándoles hacia la prevención y solución de los celos para facilitar en el niño la correcta adaptación a su nueva situación familiar. 
650 4 |a PSICOLOGIA INFANTIL 
650 4 |a CELOS 
650 4 |a CELOS EN LOS NIÑOS 
653 |a COMPLEMENTARIA 
653 |a PEDAGOGIA EN EDUCACION BASICA 
653 |a PEDAGOGIA EN EDUCACION PARVULARIA 
653 |a PSICOLOGIA 
900 |a 155.4124 ORT 
942 |c BK 
952 |0 0  |1 0  |4 0  |6 155_412400000000000_ORT  |7 0  |8 General  |9 4514  |a BC  |b BC  |c General  |d 2017-08-03  |l 0  |o 155.4124 ORT  |p 1350254  |r 2026-01-07 00:00:00  |t 1  |w 2017-08-03  |y BK 
952 |0 0  |1 0  |4 0  |6 155_412400000000000_ORT  |7 0  |8 General  |9 4515  |a BC  |b BC  |c General  |d 2017-08-03  |l 0  |o 155.4124 ORT  |p 1350559  |r 2026-01-07 00:00:00  |t 2  |w 2017-08-03  |y BK 
999 |c 1961  |d 1961